Les 20 plus grands pays d'Amérique - Statistiques

Statistiques générales
  • Ce quiz a été pris 161 fois
  • Le résultat moyen est 18 sur 20
Statistiques - réponses
Hint Réponse % Correct
1 Canada
100%
4 Argentine
99%
3 Brésil
99%
5 Mexique
99%
2 USA
99%
10 Chili
98%
14 Uruguay
96%
7 Colombie
95%
11 Paraguay
94%
6 Pérou
91%
8 Bolivie
90%
9 Venezuela
87%
18 Cuba
84%
12 Équateur
83%
13 Guyana
78%
19 Guatemala
75%
20 Panama
75%
17 Honduras
73%
15 Suriname
73%
16 Nicaragua
69%
Aucun quiz correspondant
Distribution des résultats
% des personnes avec chaque résultat
Percentile par nombre de réponses
Votre historique - résultats
Vous n’avez pas pris ce quiz